000 00284nam a22001337a 4500
008 171204b xxu||||| |||| 00| 0 eng d
020 _a9780130103109
041 _aeng
080 _28th
_a54
100 _a12
101 _aKIM
245 _aCHEMISTRY
_cBROWN,TH.L
942 _2udc
_cBK
999 _c38769
_d38769